WEBSTER'S DICTIONARY (Record no. 216390)

MARC details
000 -LEADER
fixed length control field 00358nam a22001457a 4500
008 - FIXED-LENGTH DATA ELEMENTS--GENERAL INFORMATION
fixed length control field 251223b |||||||| |||| 00| 0 eng d
020 ## - INTERNATIONAL STANDARD BOOK NUMBER
International Standard Book Number 0 24951 03000 8
050 ## - LIBRARY OF CONGRESS CALL NUMBER
Classification number PE 1628 .W43 1990
100 ## - MAIN ENTRY--PERSONAL NAME
Personal name LIZ KAUFFMAN
245 ## - TITLE STATEMENT
Title WEBSTER'S DICTIONARY
260 ## - PUBLICATION, DISTRIBUTION, ETC.
Place of publication, distribution, etc. USA
Name of publisher, distributor, etc. NICKEL PRESS
Date of publication, distribution, etc. 1990
300 ## - PHYSICAL DESCRIPTION
Extent 440P.
942 ## - ADDED ENTRY ELEMENTS (KOHA)
Source of classification or shelving scheme Library of Congress Classification
Koha item type Reference
Holdings
Withdrawn status Lost status Source of classification or shelving scheme Damaged status Not for loan Collection Home library Current library Shelving location Date acquired Inventory number Total checkouts Full call number Barcode Date last seen Copy number Price effective from Koha item type
    Library of Congress Classification     Reference Kisii University Library Kisii University Library On Display 12/23/2025 34947   PE 1628 .W43 1990 000000001107 12/23/2025 1 12/23/2025 Reference